Mastering Microsoft Office /

সংরক্ষণ করুন:
গ্রন্থ-পঞ্জীর বিবরন
প্রধান লেখক: Holding, Helen.
বিন্যাস: গ্রন্থ
ভাষা:English
প্রকাশিত: Basingstoke : Macmillan, 1998.
বিষয়গুলি:
ট্যাগগুলো: ট্যাগ যুক্ত করুন
কোনো ট্যাগ নেই, প্রথমজন হিসাবে ট্যাগ করুন!
Thư viện lưu trữ: Mạng thư viện Đại học Đà Nẵng
LEADER 00820cam a2200325 i 4500
001 000045427
003 4603
005 20030227145536.0
008 010220|1998 vm 000 eng
020 |a 0333730593 
040 |a IRC  |c IRC  |d IRC 
041 0 |a eng 
082 1 4 |a 005.369  |b HO-H 
100 1 |a Holding, Helen. 
245 0 0 |a Mastering Microsoft Office /  |c Helen Holding. 
260 |a Basingstoke :  |b Macmillan,  |c 1998. 
300 |a xi, 244p. :  |b ill. 
630 0 4 |a Microsoft Office. 
650 0 4 |a Microsoft Office (Computer program) 
650 0 4 |a Integrated software. 
OWN |a DUT 
999 |a From the UDN01 
TYP |a Monograph 
TYP |a Printed language 
980 |a Mạng thư viện Đại học Đà Nẵng